000 00731nam a2200229 i 4500
001 bgj
100 1 _aHAYES, Curtis W.
245 1 0 _aThe ABC's of Languages & Linguistics :
_ba practical primer to language science /
_cCurtis W. Hayes ; Jacob Ornstein ; William W. Gage.
260 _aLincolnwood, Il :
_bNational Textbook Company,
_cc1987.
300 _aIX, 195 pp :
_bill. ;
_c26cm.
504 _aBibliographical references after each chapter.
505 _aIncludes index.
650 9 _aLinguistics
650 9 _aLanguage and languages
700 1 _aORNSTEIN, Jacob
020 _a0832592927
040 _cBPK
041 _aeng
920 _a0-8325-9292-7
942 _cKS
008 s uk f |000 0 eng
999 _c47349
_d47349